000 00802cab a22001935a 4500
001 L143713
008 080528e20080524xxk f 000 0 eng d
035 _a(Sirsi) u143713
041 0 _aeng
110 2 _aEstates Gazette
_9298
245 0 0 _aMarking 150 years of EG
_breaders' lives
260 _c2008
490 _aEstates Gazette
_v(0820) 24 May 2008, 72-77(6)
520 _aFourth in a series of five articles marking 150 years of Estates Gazette provides personal views and memories from long-term readers of the magazine. Reflects on changes within the property business has changed during the last sixty years. See also part one (L143436), part two (L143472), part three (L143568) and part five (L143890).
590 _aKA
651 4 _aUnited Kingdom
_y
690 _aPROPERTY
942 _n0
999 _c80254
_d80254